[Event "World Blitz 2025"]
[Site "Doha QAT"]
[Date "2025.12.30"]
[Round "14.103"]
[White "Saraci, Nderim"]
[Black "Tran, Thanh Tu"]
[Result "1-0"]
[WhiteTitle "IM"]
[BlackTitle "IM"]
[WhiteElo "2461"]
[BlackElo "2402"]
[WhiteFideId "6351921"]
[BlackFideId "12401404"]
[EventDate "2025.12.29"]

1. d4 Nf6 2. Nf3 g6 3. g3 Bg7 4. Bg2 O-O 5. O-O d6 6. c4 c5 7. Nc3 Nc6 8. b3 e5
9. dxe5 dxe5 10. Be3 Qe7 11. Nd2 Nd4 12. Bg5 Be6 13. e3 Nc6 14. Nd5 Bxd5 15.
cxd5 Nb4 16. a3 Na6 17. Ne4 h6 18. Bxf6 Bxf6 19. d6 Qe6 20. Nxf6+ Qxf6 21. Qd5
Rad8 22. Rad1 b6 23. Qb7 Nb8 24. Bd5 Rd7 25. Qa8 Rxd6 26. Qxa7 Rfd8 27. e4 Nd7
28. f4 Qg7 29. Qc7 Nf8 30. fxe5 R6d7 31. Rxf7 Rxc7 32. Rxc7+ Rxd5 33. Rxg7+ 1-0

[Event "World Blitz 2025"]
[Site "Doha QAT"]
[Date "2025.12.30"]
[Round "14.104"]
[White "Sindarov, Islombek"]
[Black "Sahidi, Samir"]
[Result "0-1"]
[WhiteTitle "CM"]
[BlackTitle "IM"]
[WhiteElo "2129"]
[BlackElo "2516"]
[WhiteFideId "14205475"]
[BlackFideId "14936372"]
[EventDate "2025.12.29"]

1. e4 c6 2. Nf3 d5 3. exd5 cxd5 4. g3 Nc6 5. Bg2 Nf6 6. O-O Bg4 7. d3 e6 8. Nbd2
Be7 9. c4 O-O 10. b3 Bf5 11. d4 dxc4 12. Nxc4 Nd5 13. Bb2 Rc8 14. Nce5 Nxe5 15.
dxe5 Bb4 16. Nd4 Bg6 17. Qg4 h5 18. Qh3 Nc3 19. Nf3 Ne2+ 20. Kh1 Rc2 21. Rab1
Qe7 22. Nh4 Bh7 23. Bf3 Nc3 24. Bxc3 Rxc3 25. Bxh5 Bxb1 26. Rxb1 Qg5 27. Nf3 Qh6
28. Ng1 g6 29. Bg4 Qxh3 30. Nxh3 Rd8 31. Kg2 Rc2 32. a4 Bc3 33. Bf3 b6 34. Be4
Rcd2 35. Rc1 Bxe5 36. Ng5 R2d7 37. h4 Rc7 38. Re1 Bf6 39. Nf3 Kg7 40. g4 Rh8 41.
Kg3 Rc3 42. g5 Be7 43. Rd1 Rd8 44. Rb1 a5 45. Kg2 f5 46. gxf6+ Bxf6 47. Rh1 Rxb3
48. h5 gxh5 49. Rc1 Rc3 50. Rb1 Rc4 51. Bb7 Rb4 52. Rc1 Rd7 53. Bc8 Re7 54. Rc6
Kf7 55. Nd2 Rxa4 56. Nc4 b5 57. Nd6+ Kg7 58. Nxb5 Rg4+ 59. Kf3 a4 60. Bxe6 Rb4
61. Nc7 Rb2 62. Nd5 Ra7 63. Rc8 Bd4 64. Rg8+ Kh7 65. Rg5 Rxf2+ 66. Ke4 Re2+ 67.
Kxd4 Rxe6 68. Rxh5+ Kg7 69. Rg5+ Rg6 70. Rxg6+ Kxg6 71. Kc3 a3 72. Kd4 0-1

[Event "World Blitz 2025"]
[Site "Doha QAT"]
[Date "2025.12.30"]
[Round "14.105"]
[White "Halkias, Stelios"]
[Black "Musovic, Armin"]
[Result "1-0"]
[WhiteTitle "GM"]
[BlackTitle "FM"]
[WhiteElo "2503"]
[BlackElo "2190"]
[WhiteFideId "4201809"]
[BlackFideId "939935"]
[EventDate "2025.12.29"]

1. c4 e5 2. Nc3 Nf6 3. Nf3 Nc6 4. e3 d6 5. d3 Be7 6. g3 O-O 7. Bg2 d5 8. cxd5
Nxd5 9. a3 Bg4 10. h3 Nxc3 11. bxc3 Bf5 12. e4 Be6 13. O-O Rb8 14. d4 Bc4 15.
Re1 f5 16. Nxe5 Nxe5 17. dxe5 fxe4 18. Qxd8 Rbxd8 19. Bxe4 Bc5 20. Be3 Bxe3 21.
Rxe3 Rd2 22. f4 b6 23. Rc1 Rfd8 24. Rc2 Rd1+ 25. Kg2 Ra1 26. f5 Kf8 27. g4 a5
28. g5 a4 29. f6 Rxa3 30. Bxh7 Be6 31. Rf2 Ra1 32. Bf5 Bxf5 33. Rxf5 g6 34. e6
Re8 35. Rd5 a3 36. Rd7 a2 37. Rh7 Rxe6 38. Rxe6 Rg1+ 39. Kh2 a1=Q 40. Rh8+ 1-0

[Event "World Blitz 2025"]
[Site "Doha QAT"]
[Date "2025.12.30"]
[Round "14.106"]
[White "Dudin, Gleb"]
[Black "Davtyan, Artur"]
[Result "0-1"]
[WhiteTitle "GM"]
[BlackTitle "IM"]
[WhiteElo "2585"]
[BlackElo "2474"]
[WhiteFideId "34184934"]
[BlackFideId "13308327"]
[EventDate "2025.12.29"]

1. Nf3 d5 2. b3 Bf5 3. Bb2 e6 4. d3 Nf6 5. Nbd2 h6 6. g3 a5 7. a3 a4 8. b4 c5 9.
bxc5 Bxc5 10. e3 Nc6 11. Bg2 O-O 12. O-O Qe7 13. Qe2 Bh7 14. c4 dxc4 15. Nxc4 b5
16. Nfe5 Nxe5 17. Nxe5 Rac8 18. d4 Bd6 19. Qxb5 Rc2 20. Nc6 Qd7 21. Qb6 Nd5 22.
Bxd5 exd5 23. Ne5 Qe6 24. Bc1 Be4 25. g4 f6 26. f3 fxe5 27. fxe4 0-1

[Event "World Blitz 2025"]
[Site "Doha QAT"]
[Date "2025.12.30"]
[Round "14.107"]
[White "Ibrahimli, Murad"]
[Black "Christiansen, Johan-Sebastian"]
[Result "1/2-1/2"]
[WhiteTitle "IM"]
[BlackTitle "GM"]
[WhiteElo "2438"]
[BlackElo "2655"]
[WhiteFideId "13410229"]
[BlackFideId "1512668"]
[EventDate "2025.12.29"]

1. d4 Nf6 2. Nf3 c5 3. d5 b5 4. Bg5 b4 5. c4 d6 6. Nbd2 g6 7. e4 Bg7 8. Bd3 h6
9. Bh4 Nh5 10. Rb1 Nf4 11. Bf1 Nd7 12. h3 Qa5 13. Qb3 Nh5 14. g4 Nhf6 15. Bg3
Nh7 16. Bd3 Ng5 17. Bf4 Bf6 18. h4 Nxf3+ 19. Nxf3 Qc7 20. Ke2 a5 21. g5 a4 22.
Qc2 hxg5 23. hxg5 Rxh1 24. Rxh1 Bg7 25. Qc1 b3 26. a3 Nb6 27. Bd2 Bg4 28. Bc3
Bf8 29. Qf4 Bh5 30. Rxh5 gxh5 31. e5 O-O-O 32. Qxf7 Kb8 33. e6 Qb7 34. g6 Nxd5
35. cxd5 Qxd5 36. g7 c4 37. gxf8=Q Qxd3+ 38. Ke1 Qb1+ 39. Ke2 Qd3+ 40. Ke1 Qb1+ 1/2-1/2

[Event "World Blitz 2025"]
[Site "Doha QAT"]
[Date "2025.12.30"]
[Round "14.108"]
[White "Tissir, Mohamed"]
[Black "Kadric, Denis"]
[Result "0-1"]
[WhiteTitle "IM"]
[BlackTitle "GM"]
[WhiteElo "2293"]
[BlackElo "2543"]
[WhiteFideId "9000240"]
[BlackFideId "14403803"]
[EventDate "2025.12.29"]

1. e4 d6 2. d4 Nf6 3. Nc3 Nbd7 4. Nf3 e5 5. h3 c6 6. a4 Be7 7. Be3 h6 8. a5 Qc7
9. d5 cxd5 10. exd5 a6 11. Be2 O-O 12. O-O b5 13. axb6 Nxb6 14. Ra2 Bb7 15. Bxb6
Qxb6 16. Bc4 Rfc8 17. Qe2 Nh5 18. b3 Ng3 19. Qd3 Nxf1 20. Qxf1 g6 21. Qd3 Kg7
22. Na4 Qa7 23. Qd2 f5 24. Qa5 e4 25. Qe1 Bf6 26. Nd2 Re8 27. Nf1 f4 28. Nh2 h5
29. Qb4 e3 0-1

[Event "World Blitz 2025"]
[Site "Doha QAT"]
[Date "2025.12.30"]
[Round "14.77"]
[White "Assylov, Miras"]
[Black "Krallis, Christos"]
[Result "0-1"]
[WhiteTitle "FM"]
[BlackTitle "IM"]
[WhiteElo "2393"]
[BlackElo "2416"]
[WhiteFideId "13728873"]
[BlackFideId "4298896"]
[EventDate "2025.12.29"]

1. e4 c5 2. Nf3 Nc6 3. Bb5 g6 4. O-O Bg7 5. c3 Nf6 6. Re1 O-O 7. d4 a6 8. Bxc6
dxc6 9. h3 cxd4 10. cxd4 c5 11. d5 b5 12. Bg5 h6 13. Bf4 Bb7 14. Nbd2 g5 15. Be5
e6 16. dxe6 fxe6 17. Qc2 Qe7 18. a4 c4 19. axb5 axb5 20. b3 Rac8 21. bxc4 bxc4
22. Qc3 Rfd8 23. Ra7 Rd7 24. Qc2 Qc5 25. Ra4 c3 26. Rc4 Rxd2 27. Nxd2 Qxe5 28.
Rxc8+ Bxc8 29. Nf3 Qc5 30. Re3 Nh5 31. e5 Nf4 32. Kf1 Ba6+ 33. Kg1 Qd5 34. Kh2
h5 35. Qxc3 g4 36. hxg4 hxg4 37. Qb4 Nxg2 38. Kxg2 gxf3+ 39. Kh3 Bf1+ 40. Kg4
Bd3 41. Qf4 Bf5+ 42. Kg3 Qd1 43. Qxf3 Qg1+ 44. Qg2 Qa1 45. Qc6 Bxe5+ 46. Kf3
Qh1+ 0-1

[Event "World Blitz 2025"]
[Site "Doha QAT"]
[Date "2025.12.30"]
[Round "14.78"]
[White "Balakrishnan, Praveen"]
[Black "Ezat, Mohamed"]
[Result "1-0"]
[WhiteTitle "GM"]
[BlackTitle "IM"]
[WhiteElo "2507"]
[BlackElo "2294"]
[WhiteFideId "2064871"]
[BlackFideId "10600906"]
[EventDate "2025.12.29"]

1. e4 e5 2. Nf3 Nc6 3. Bb5 a6 4. Ba4 Nf6 5. O-O Be7 6. Re1 b5 7. Bb3 O-O 8. a4
d5 9. axb5 dxe4 10. bxc6 exf3 11. Qxf3 e4 12. Qe2 Bd6 13. h3 Qe8 14. d4 Qxc6 15.
Bg5 Bf5 16. Nc3 Qd7 17. Bxf6 gxf6 18. Nxe4 Kh8 19. Nxf6 Qd8 20. Ne4 Bxe4 21.
Qxe4 Qg5 22. Qg4 Qxg4 23. hxg4 a5 24. g3 Rab8 25. Kg2 Rb4 26. Rxa5 Rxd4 27. Rf5
Rxg4 28. Rxf7 Rxf7 29. Bxf7 Kg7 30. Be6 Rd4 31. Re2 Kf6 32. Bg8 Kg7 33. Be6 Rd1
34. Bf5 Rb1 35. b3 h6 36. Bd3 Rd1 37. Kf3 Bc5 38. Kg4 Rg1 39. f4 Rf1 40. Re5 h5+
41. Rxh5 1-0

[Event "World Blitz 2025"]
[Site "Doha QAT"]
[Date "2025.12.30"]
[Round "14.79"]
[White "Al Hosani, Omran"]
[Black "Iniyan, Pa"]
[Result "0-1"]
[WhiteTitle "IM"]
[BlackTitle "GM"]
[WhiteElo "2340"]
[BlackElo "2598"]
[WhiteFideId "9308733"]
[BlackFideId "25002767"]
[EventDate "2025.12.29"]

1. e4 d6 2. d4 g6 3. Nc3 Bg7 4. Nf3 a6 5. a4 Nf6 6. Be2 O-O 7. O-O c6 8. Re1 Qc7
9. Bf1 e5 10. Bg5 Bg4 11. h3 Bxf3 12. Qxf3 Nfd7 13. d5 f5 14. Rad1 Nc5 15. dxc6
bxc6 16. b4 Nxe4 17. Nxe4 fxe4 18. Qxe4 d5 19. Qg4 Qf7 20. Bh4 Nd7 21. c4 e4 22.
cxd5 cxd5 23. Rxe4 h5 24. Qe6 dxe4 25. Qxd7 Qf4 26. Bg3 Qf6 27. Qb7 g5 28. Qxe4
h4 29. Bc4+ Kh8 30. Bd3 Qh6 31. Be5 Rae8 32. Bxg7+ Qxg7 33. Qg4 Qh6 34. Qd4+ Qf6
35. Qa7 Rf7 36. Qc5 Re5 37. Qc8+ Rf8 38. Qc2 Qf4 39. Rf1 g4 40. hxg4 Qxg4 41.
Qc7 Qg7 42. Qxg7+ Kxg7 43. Bxa6 Re4 44. Rb1 Ref4 45. Rb2 Rd8 46. Be2 Rc8 47. b5
Rc1+ 48. Kh2 Rxf2 49. Bf3 Rxb2 0-1

[Event "World Blitz 2025"]
[Site "Doha QAT"]
[Date "2025.12.30"]
[Round "14.80"]
[White "Cunha, Lucas Aguiar"]
[Black "Nurgaliyev, Sauat"]
[Result "0-1"]
[WhiteTitle "FM"]
[BlackTitle "IM"]
[WhiteElo "2263"]
[BlackElo "2437"]
[WhiteFideId "2125404"]
[BlackFideId "13726285"]
[EventDate "2025.12.29"]

1. e4 d6 2. d4 Nf6 3. Nc3 e5 4. Nf3 Nbd7 5. Bc4 Be7 6. O-O O-O 7. a4 c6 8. Re1
a5 9. h3 h6 10. Ba2 Re8 11. Be3 exd4 12. Bxd4 Bf8 13. Qd3 Qc7 14. Rad1 Ne5 15.
Qe3 Be6 16. Bxe6 Rxe6 17. Nxe5 dxe5 18. Bb6 Qe7 19. b3 Nd7 20. Rd3 Rd6 21. Red1
Rxd3 22. Rxd3 Qe6 23. Bc7 Bb4 24. Nb1 Rc8 25. Bb6 c5 26. Ba7 c4 27. bxc4 Rxc4
28. c3 Bf8 29. Nd2 Rxa4 30. g3 Qxh3 31. Nf1 Ra1 32. Qe2 Nf6 33. Rd8 Ng4 34. f3
Rxf1+ 0-1

[Event "World Blitz 2025"]
[Site "Doha QAT"]
[Date "2025.12.30"]
[Round "14.81"]
[White "Begmuratov, Khumoyun"]
[Black "Fandi, Mazen"]
[Result "1-0"]
[WhiteTitle "IM"]
[BlackTitle "FM"]
[WhiteElo "2451"]
[BlackElo "2304"]
[WhiteFideId "14210207"]
[BlackFideId "7611625"]
[EventDate "2025.12.29"]

1. e4 c6 2. d4 d5 3. Nc3 dxe4 4. Nxe4 Bf5 5. Ng3 Bg6 6. Nh3 e6 7. Nf4 Bd6 8. c3
Nf6 9. h4 Bxf4 10. Bxf4 h6 11. h5 Bh7 12. Bc4 Nbd7 13. Qe2 b5 14. Bb3 O-O 15.
O-O Nd5 16. Bd6 Re8 17. Rae1 N7b6 18. Bc5 a5 19. a3 a4 20. Ba2 Rb8 21. Ne4 Nc4
22. Bb1 Bxe4 23. Qxe4 f5 24. Qe2 Qg5 25. Rd1 e5 26. dxe5 Nxe5 27. f4 Nxf4 28.
Rxf4 Qxf4 29. Rf1 Qc4 30. Qf2 f4 31. Bd4 c5 32. b4 axb3 33. Bxc5 Ng4 34. Qd4
Qxd4+ 35. cxd4 Ne3 36. Rf3 Rbc8 37. Bd3 b2 38. Kh2 Nc4 39. Rf2 Rb8 40. a4 Re3
41. Bb1 bxa4 42. Rxf4 a3 43. d5 Ne5 44. Bxe3 Rc8 45. d6 Rc1 46. Ba2+ Kh7 47. Re4
Nd7 48. Re7 Nf6 49. d7 Rd1 50. Bc5 Nxd7 51. Bxa3 Rd2 52. Bb1+ Kg8 53. Re8+ Kf7
54. Bg6+ Kf6 55. Be7+ Ke5 56. Bb4+ Kd5 1-0

[Event "World Blitz 2025"]
[Site "Doha QAT"]
[Date "2025.12.30"]
[Round "14.82"]
[White "George Samir, David"]
[Black "Sklokin, Sergey"]
[Result "0-1"]
[WhiteTitle "IM"]
[BlackTitle "FM"]
[WhiteElo "2343"]
[BlackElo "2407"]
[WhiteFideId "10657789"]
[BlackFideId "55730230"]
[EventDate "2025.12.29"]

1. e4 c6 2. d4 d5 3. e5 Bf5 4. g4 Bd7 5. Nc3 e6 6. Be3 Qc7 7. Qd2 c5 8. dxc5
Bxc5 9. O-O-O a6 10. Bxc5 Qxc5 11. Nf3 Nc6 12. Ne4 dxe4 13. Qxd7+ Kf8 14. Ng5
Qe7 15. Nxe4 Nxe5 16. Qd4 Nc6 17. Qe3 h5 18. g5 Rd8 19. Bd3 Qc7 20. Kb1 Nge7 21.
h4 Nf5 22. Qe1 Ne5 23. g6 Nxg6 24. Ng5 Nf4 25. Bxf5 exf5 26. Rxd8+ Qxd8 27. Qb4+
Qe7 28. Qxf4 g6 29. Qd4 f6 30. Nh3 Kg7 31. Nf4 Qe5 32. Qd7+ Kh6 33. Nxg6 Qe4 34.
Rg1 Rg8 35. Qd2+ Kh7 36. Qd7+ Kh6 37. Qd2+ f4 38. Re1 Qxg6 39. Qxf4+ Kh7 40. b3
Rg7 41. Kb2 Rf7 42. Re6 Qg4 43. Qe3 Qxh4 44. Re7 Kg7 45. Re8 Qg5 46. Qd3 f5 47.
Re2 Qf6+ 48. Kb1 h4 49. a4 Re7 50. Re3 Rxe3 51. Qxe3 Kg6 52. f4 Qd6 53. Qf2 Qd1+
54. Kb2 Qg4 55. Qb6+ Kh5 56. Qxb7 Qxf4 57. Qh7+ Kg4 58. Qg6+ Qg5 59. Qxa6 h3 60.
Qe2+ Kh4 61. a5 Qg2 62. Qe7+ Kg4 63. a6 Qa8 64. Qg7+ Kf4 65. Qh6+ Kg4 66. Qg6+
Kh4 67. Qh6+ Kg4 68. Qg7+ Kf4 69. Qc7+ Kg4 70. Qb7 Qh8+ 71. Ka2 h2 72. Qg2+ Kf4
73. Qf2+ Kg4 74. Qg2+ Kf4 75. Qh1 Qh7 76. Qf1+ Kg5 77. Qg2+ Kf6 78. Qh1 f4 79.
Kb2 Kg5 80. Qg2+ Kf5 81. Qd5+ Kf6 82. Qd6+ Kg5 83. Qe5+ Kg4 84. Qe2+ f3 85. Qc4+
Kg3 86. a7 Qxa7 87. Qg8+ Kf2 88. Qh8 Kg2 89. Qg8+ Kf1 90. Qh8 Qg1 91. Qh3+ Qg2
92. Qf5 h1=Q 93. b4 Qe2 94. b5 Qh8+ 95. Kb3 Qg8+ 96. Kb4 Qec4+ 0-1

[Event "World Blitz 2025"]
[Site "Doha QAT"]
[Date "2025.12.30"]
[Round "14.83"]
[White "Alhassadi, Yousef A."]
[Black "Suleimen, Ergali"]
[Result "0-1"]
[WhiteTitle "FM"]
[BlackTitle "IM"]
[WhiteElo "2098"]
[BlackElo "2419"]
[WhiteFideId "9204725"]
[BlackFideId "13724452"]
[EventDate "2025.12.29"]

1. e4 c5 2. c3 d5 3. exd5 Qxd5 4. Nf3 Nf6 5. Na3 e6 6. d4 Be7 7. Be3 cxd4 8. Nb5
Na6 9. Qxd4 O-O 10. Qxd5 Nxd5 11. Bxa7 b6 12. c4 Ndb4 13. O-O-O Nxa2+ 14. Kb1
N6b4 15. Bxb6 Bb7 16. Nd2 Bg5 17. Nc3 Nxc3+ 18. bxc3 Bxd2 19. cxb4 Bxb4 20. Bd3
Bxg2 21. Rhg1 Bf3 22. Rc1 Ra3 23. Bc2 Bc3 24. Bd1 Be4+ 0-1

[Event "World Blitz 2025"]
[Site "Doha QAT"]
[Date "2025.12.30"]
[Round "14.84"]
[White "Sharan, Rao"]
[Black "Dardha, Daniel"]
[Result "0-1"]
[WhiteTitle "IM"]
[BlackTitle "GM"]
[WhiteElo "2341"]
[BlackElo "2603"]
[WhiteFideId "5073464"]
[BlackFideId "240990"]
[EventDate "2025.12.29"]

1. Nf3 d5 2. b3 Bg4 3. Bb2 Nd7 4. d4 e6 5. e3 Bd6 6. Be2 f5 7. Ne5 Bxe2 8. Qxe2
Bxe5 9. dxe5 Ne7 10. Nd2 O-O 11. c4 f4 12. exf4 Rxf4 13. g3 Rf7 14. f4 c6 15.
O-O-O a5 16. Nf3 h6 17. Nd4 Nf8 18. Rhf1 b5 19. cxb5 c5 20. Nc6 Nxc6 21. bxc6
Qb6 22. f5 Qxc6 23. f6 a4 24. fxg7 Rxg7 25. Rf6 axb3 26. axb3 c4 27. bxc4 dxc4
28. Qc2 c3 29. Bxc3 Rc8 30. Rd3 Rgc7 31. Rff3 Qe4 32. Kd2 Qg4 33. Qb3 Qg5+ 34.
Ke2 Qh5 35. Kf1 Rd8 36. Qb4 Rf7 37. Kg2 Rxd3 38. Rxd3 Qe2+ 39. Kh3 Qxd3 40. Bd2
Qf5+ 41. Kh4 Ng6# 0-1

[Event "World Blitz 2025"]
[Site "Doha QAT"]
[Date "2025.12.30"]
[Round "14.109"]
[White "Idani, Pouya"]
[Black "Muntean, Victor"]
[Result "1-0"]
[WhiteTitle "GM"]
[WhiteElo "2611"]
[BlackElo "2169"]
[WhiteFideId "12510130"]
[BlackFideId "1054414"]
[EventDate "2025.12.29"]

1. g3 Nf6 2. Bg2 g6 3. f4 Bg7 4. Nf3 O-O 5. O-O d5 6. d3 c5 7. c3 Nc6 8. Na3 Re8
9. Ne5 Nxe5 10. fxe5 Ng4 11. d4 cxd4 12. cxd4 f6 13. h3 Nh6 14. Qb3 fxe5 15.
dxe5 e6 16. Nb5 Nf5 17. g4 Qb6+ 18. Kh1 Ng3+ 19. Qxg3 Qxb5 20. Bg5 Bd7 21. Bf6
Rf8 22. Rf2 Rf7 23. Raf1 Raf8 24. b3 Qc5 25. h4 Qd4 26. g5 Bb5 27. Kh2 Bxf6 28.
gxf6 Rc8 29. Bh3 Rc3 30. Rf3 Rxf3 31. Rxf3 Bd7 32. h5 Qe4 33. hxg6 Qxg6 34.
Qxg6+ hxg6 35. Rc3 Bc6 36. Bxe6 1-0

[Event "World Blitz 2025"]
[Site "Doha QAT"]
[Date "2025.12.30"]
[Round "14.110"]
[White "Ammar, Sedrani"]
[Black "Chanda, Sandipan"]
[Result "1-0"]
[WhiteTitle "FM"]
[BlackTitle "GM"]
[WhiteElo "2203"]
[BlackElo "2490"]
[WhiteFideId "9312331"]
[BlackFideId "5004225"]
[EventDate "2025.12.29"]

1. d4 e6 2. e4 d5 3. Nc3 dxe4 4. Nxe4 Nd7 5. Nf3 Ngf6 6. Bg5 h6 7. Nxf6+ Nxf6 8.
Be3 Bd6 9. Bd3 O-O 10. O-O b6 11. Re1 Bb7 12. c3 Nd5 13. Bd2 c5 14. dxc5 Bxc5
15. Qe2 Qc7 16. Ba6 Bxa6 17. Qxa6 Rad8 18. Rad1 Nf6 19. Qa4 Rd5 20. Bf4 Qb7 21.
Rxd5 Qxd5 22. Be3 Bxe3 23. Rxe3 a5 24. h3 Rd8 25. Re1 Rd6 26. Nd4 g6 27. a3 Kg7
28. Nf3 Nd7 29. Qf4 Nc5 30. Ne5 f6 31. Ng4 e5 32. Qxh6+ Kf7 33. Qh7+ Ke6 34.
Qxg6 Nd7 35. Qe8+ Kf5 36. Ne3+ 1-0

[Event "World Blitz 2025"]
[Site "Doha QAT"]
[Date "2025.12.30"]
[Round "14.111"]
[White "Nikitenko, Mihail"]
[Black "Alrehaili, Ahmed Abdullah S"]
[Result "1/2-1/2"]
[WhiteTitle "GM"]
[BlackTitle "FM"]
[WhiteElo "2476"]
[BlackElo "2106"]
[WhiteFideId "13506862"]
[BlackFideId "21518840"]
[EventDate "2025.12.29"]

1. d4 Nf6 2. c4 g6 3. Nc3 Bg7 4. e4 d6 5. Bd3 O-O 6. Nge2 e5 7. d5 Na6 8. Bc2
Nh5 9. O-O f5 10. exf5 gxf5 11. f4 e4 12. Nd4 Nb4 13. Be3 Nf6 14. h3 c5 15. dxc6
bxc6 16. a3 Nxc2 17. Qxc2 Qe8 18. Rfd1 a5 19. Na4 Rb8 20. Qc3 Bd7 21. c5 Nd5 22.
Qe1 dxc5 23. Nxc5 Rxb2 24. Rab1 Rxb1 25. Rxb1 Qe7 26. Rc1 Nxe3 27. Qxe3 Qd6 28.
Ne2 Rb8 29. Kh2 Be8 30. Ng3 Bg6 31. Qe2 Rb2 32. Qc4+ Kh8 33. Na4 Rd2 34. Qa6 h5
35. Rxc6 Qxf4 36. Rxg6 h4 37. Qb7 hxg3+ 38. Rxg3 Qe5 39. Qf7 Rd3 40. Qg6 Rxg3
41. Qxg3 Qb5 42. Qh4+ Kg8 43. Qd8+ Kh7 44. Qh4+ Kg6 45. Qg3+ Kh5 46. Qd6 Qb2 47.
Nc5 Qd4 48. Nd7 Kg5 49. Qe6 1/2-1/2

[Event "World Blitz 2025"]
[Site "Doha QAT"]
[Date "2025.12.30"]
[Round "14.112"]
[White "Bai, Adelard"]
[Black "Rami, Talab"]
[Result "1/2-1/2"]
[WhiteTitle "IM"]
[WhiteElo "2417"]
[BlackElo "2173"]
[WhiteFideId "16301188"]
[BlackFideId "7609787"]
[EventDate "2025.12.29"]

1. d4 d5 2. Nc3 Nf6 3. Bf4 c5 4. e4 Nxe4 5. Nxe4 dxe4 6. dxc5 Qa5+ 7. c3 Qxc5 8.
Qa4+ Nc6 9. Qxe4 g6 10. Nf3 Bg7 11. Be2 Bxc3+ 12. Kf1 Bxb2 13. Rd1 Bf5 14. Qe3
Qxe3 15. Bxe3 O-O 16. Bc4 Rfd8 17. Ke2 Na5 18. Bd3 Bxd3+ 19. Rxd3 Rxd3 20. Kxd3
Bf6 21. g4 b5 22. g5 Bg7 23. h4 Nc4 24. Bc5 e6 25. h5 Bf8 26. Bd4 Bg7 27. Bc5 a6
28. h6 Rd8+ 29. Ke2 Bb2 30. Rb1 f6 31. gxf6 Bxf6 32. a4 bxa4 33. Rb4 a3 34. Ra4
Rc8 35. Bxa3 Nxa3 36. Rxa3 Rc6 37. Rb3 Rc2+ 38. Kf1 g5 39. Rb6 Kf7 40. Rxa6 g4
41. Nh2 g3 42. Ng4 gxf2 43. Nxf2 Rc4 44. Kg2 Rh4 45. Kf3 Rxh6 46. Ra7+ Kg6 47.
Ra6 Kf5 48. Ra5+ e5 49. Ra6 Rh4 50. Rc6 h5 51. Rc8 Rf4+ 52. Kg2 h4 53. Rf8 Ra4
54. Kh3 Ra3+ 55. Kg2 Ra4 56. Kh3 Ke6 57. Ng4 Ra3+ 58. Kh2 Be7 59. Rf2 e4 60. Re2
Bd6+ 61. Kh1 Kf5 62. Ne3+ Kg5 63. Nc4 Ra1+ 64. Kg2 Bf4 65. Rxe4 Kg4 66. Ne3+ Kg5
67. Nd5 Ra2+ 68. Kg1 Bg3 69. Ne3 Kh5 70. Nf5 Bc7 71. Nxh4 Kg5 72. Nf3+ Kf5 73.
Rc4 Bf4 74. Nh4+ Kg5 75. Nf3+ Kg4 76. Nh2+ Kg3 77. Nf1+ Kf3 78. Rc3+ Kg4 79. Rc4
Kf5 80. Rc5+ Ke4 81. Rc4+ Ke5 82. Rc5+ Kd4 83. Rc8 Ke4 84. Rc4+ Kf3 85. Rc3+ Kg4
86. Rc4 Ra1 87. Kg2 Ra2+ 88. Kg1 Kg5 89. Rc5+ Kg6 90. Rc6+ Kf7 91. Rc4 Bb8 92.
Re4 Kf6 93. Rc4 Ke6 94. Re4+ Kd5 95. Re8 Bf4 96. Re1 Kd4 97. Rd1+ Ke4 98. Rb1
Be5 99. Re1+ Kf4 100. Rd1 Ra3 101. Rd2 Kf3 102. Rf2+ Kg4 103. Rg2+ Kh3 104. Rd2
Bf4 105. Rd7 Be5 106. Rd5 Bc7 107. Rh5+ Kg4 108. Rb5 Bf4 109. Rb4 Kf3 110. Nh2+
Kg3 111. Nf1+ Kf3 112. Nh2+ Bxh2+ 113. Kxh2 Ra8 1/2-1/2

[Event "World Blitz 2025"]
[Site "Doha QAT"]
[Date "2025.12.30"]
[Round "14.113"]
[White "Grafl, Florian"]
[Black "Berend, Fred"]
[Result "1-0"]
[WhiteTitle "IM"]
[BlackTitle "IM"]
[WhiteElo "2343"]
[BlackElo "2213"]
[WhiteFideId "4645715"]
[BlackFideId "4000102"]
[EventDate "2025.12.29"]

1. Nc3 c5 2. d4 cxd4 3. Qxd4 Nc6 4. Qd3 Nf6 5. e4 d6 6. Nf3 g6 7. Be2 Bg7 8. O-O
O-O 9. Nd5 Rb8 10. c3 Nxd5 11. exd5 Bf5 12. Qd1 Ne5 13. Nxe5 Bxe5 14. Bh6 Re8
15. Qd2 Qc7 16. g4 Bd7 17. f4 Qc5+ 18. Kg2 Bg7 19. f5 b5 20. Bxg7 Kxg7 21. b4
Qc7 22. Qd4+ f6 23. fxg6 hxg6 24. g5 Rf8 25. Bd3 Rbc8 26. Rae1 Be8 27. Re6 Qxc3
28. Rxe7+ Rf7 29. Qxf6+ Qxf6 30. gxf6+ Kf8 31. Bxg6 Rxe7 32. fxe7+ Kg7 33. Bxe8
Rxe8 34. Re1 Kf6 35. Kf3 Kf7 36. h4 Kf6 37. Kf4 Kf7 38. Kf5 a6 39. a3 Kg7 40.
Ke6 Ra8 41. Kd7 Ra7+ 42. Kxd6 Ra8 1-0

[Event "World Blitz 2025"]
[Site "Doha QAT"]
[Date "2025.12.30"]
[Round "14.114"]
[White "Medhus, Vitus Bondo"]
[Black "Damaj, Mohammed"]
[Result "1/2-1/2"]
[WhiteTitle "FM"]
[BlackTitle "CM"]
[WhiteElo "2387"]
[BlackElo "2119"]
[WhiteFideId "1462547"]
[BlackFideId "11501731"]
[EventDate "2025.12.29"]

1. e4 c5 2. Nc3 e6 3. Nf3 a6 4. d4 cxd4 5. Nxd4 b5 6. Bd3 Bb7 7. O-O Nc6 8. Be3
Nf6 9. Nb3 d6 10. Qe2 Qc7 11. Rad1 Be7 12. f4 O-O 13. Rf3 Nb4 14. Rh3 Nxd3 15.
cxd3 Rac8 16. g4 b4 17. Na4 Qc2 18. Rd2 Qb1+ 19. Qd1 Qxd1+ 20. Rxd1 Nxg4 21. Bd2
d5 22. Rg3 Nf6 23. e5 Nd7 24. d4 Bc6 25. Nac5 Nxc5 26. dxc5 Ba4 27. f5 Bxc5+ 28.
Kh1 Bxb3 29. axb3 Rfe8 30. Bh6 g6 31. f6 Bf8 32. Be3 Rc2 33. Rg2 Rec8 34. Ra1
Rxg2 35. Kxg2 Rc6 36. h4 h6 37. Kf3 Kh7 38. Ra4 g5 39. h5 Kg8 40. Ra1 Kh7 41.
Ke2 g4 42. Kf2 Bc5 43. Bxc5 Rxc5 44. Rxa6 Rc2+ 45. Kg3 Rxb2 46. Ra7 Rxb3+ 47.
Kxg4 Kg8 48. Ra8+ Kh7 49. Rf8 Rb1 50. Rxf7+ Kg8 51. Rg7+ Kf8 52. Rb7 b3 53. Kg3
b2 54. Rb8+ Kf7 55. Rb7+ Ke8 56. Rb8+ Kf7 57. Kg2 Re1 58. Rb7+ Ke8 59. Rb8+ Kf7
60. Rb7+ Ke8 61. Rb8+ Kf7 62. Rb7+ Kf8 1/2-1/2

[Event "World Blitz 2025"]
[Site "Doha QAT"]
[Date "2025.12.30"]
[Round "14.115"]
[White "Aditya, Mittal"]
[Black "Blackwood, Ryan"]
[Result "1-0"]
[WhiteTitle "GM"]
[WhiteElo "2624"]
[BlackElo "1945"]
[WhiteFideId "35042025"]
[BlackFideId "7400640"]
[EventDate "2025.12.29"]

1. d4 g6 2. e4 Bg7 3. c4 d6 4. Nc3 Nf6 5. Be2 O-O 6. Be3 Nbd7 7. Nf3 c5 8. d5 a6
9. a4 Ng4 10. Bd2 Rb8 11. O-O Nge5 12. Nxe5 Nxe5 13. f4 Nd7 14. Be3 Qa5 15. Qd2
Qb4 16. Rfb1 Nf6 17. h3 Nh5 18. Kh2 Nf6 19. Qc2 Qb6 20. b4 Qc7 21. bxc5 dxc5 22.
Rf1 Bh6 23. Qd2 Rd8 24. e5 Ne8 25. Ne4 b6 26. Rad1 Bf5 27. Bf3 Qd7 28. Nc3 Bg7
29. g4 1-0